|
|
|
|
| LEADER |
00000cam a2200000 7i4500 |
| 001 |
0000046657 |
| 005 |
20150404.0 |
| 008 |
04042015 |
| 020 |
|
|
|a 9789836263306
|
| 020 |
|
|
|a 9836263306
|
| 090 |
0 |
0 |
|a 899.2309
|b KES
|
| 245 |
0 |
0 |
|a Kesusasteraan melayu tradisional
|c Harun Mat Piah...[et al.]
|
| 250 |
|
|
|a Edisi kedua
|
| 260 |
|
|
|a Kuala Lumpur :
|b Dewan Bahasa dan Pustaka ,
|c 2000
|
| 650 |
|
0 |
|a Malay literature
|x History and criticism
|
| 999 |
|
|
|a 0000772158
|b Book
|c Adult Collection
|e Cawangan Bandar Penawar
|
| 999 |
|
|
|a 0000779999
|b Book
|c Adult Collection
|e Cawangan Bandar Penawar
|
| 999 |
|
|
|a 0000790390
|b Book
|c Adult Collection
|e Cawangan Segamat
|
| 999 |
|
|
|a 0000887689
|b Book
|c Adult Collection
|e Cawangan Mersing
|
| 999 |
|
|
|a 0000887693
|b Book
|c Adult Collection
|e Cawangan Bandar Penawar
|